000 00508nam a2200133 a 4500
008 120416s1975 xx |||||||||||||| || u
050 _aNX 440 Pri
100 _aPriestley, John Boynton, 1894-
245 1 0 _aParticular pleasures
246 _abeing a personal record of some varied arts and many different artists
260 _c1975
350 _a0.00
995 _D0.00
_FCBU-MAIN LIBRARY (Kitwe)
_H1
_I5.00
_M1
_UAVAILABLE
_ZAnnex Low-Usage Collection
999 _c53148
_d53148